| 000 | 00439nam a2200133Ia 4500 | ||
|---|---|---|---|
| 008 | 170221s9999 xx 000 0 und d | ||
| 100 | _aBaryeh, Loretta N. | ||
| 245 | 2 | _aA brief survey of the impact of block holders on earnings | |
| 245 | _cLoretta N. Baryeh, Albright College. | ||
| 260 | _bJournal of Management and Marketing Research | ||
| 260 | _c2015 | ||
| 650 | _xBusiness | ||
| 856 | _uhttp://www.aabri.com/manuscripts/141781.pdf | ||
| 999 |
_c309262 _d309262 |
||